LEADER 00829cam1 22002173 450 001 SOBE00071840 005 20220525083447.0 100 $a20220525g00009999|||||ita|0103 ba 101 $aita 102 $aIT 200 1 $aOrganizzazione e compiti del personale dell'area dei servizi amministrativi$emanuale amministrativo-contabile per gli uffici scolastici e per i concorsi$fGiovanni Lacoppola 210 $aModena$cCentro Programmazione Editoriale 215 $av.$d22 cm. 463 1$1001SOB000000363$12001 $a2 / Giovanni Lacoppola 700 1$aLacoppola$b, Giovanni$3AF00008292$4070$0252967 801 0$aIT$bUNISOB$c20220525$gRICA 912 $aSOBE00071840 940 $aM 102 Monografia moderna SBN 941 $aM 996 $aOrganizzazione e compiti del personale dell'area dei servizi amministrativi$9626834 997 $aUNISOB